[Event "St Petersburg Blitz GP"]
[Site "St Petersburg"]
[Date "2024.08.23"]
[Round "9"]
[White "Golubov, Saveliy"]
[Black "Levin, Evgeny A"]
[Result "1-0"]
[WhiteElo "2484"]
[BlackElo "2470"]
[PlyCount "103"]
[EventDate "2024.08.23"]
[EventType "swiss (blitz)"]
[EventRounds "11"]
[EventCountry "RUS"]
[SourceTitle "EXT 2025"]
[Source "ChessBase"]
[SourceDate "2024.10.14"]
[SourceVersion "1"]
[SourceVersionDate "2024.10.14"]
[SourceQuality "1"]

1. Nc3 Nf6 2. e4 d5 3. exd5 Nxd5 4. Bc4 c6 5. d3 Bf5 6. Nf3 e6 7. 0-0 Be7 8. h3 0-0 9. Re1 Nd7 10. Bd2 Re8 11. Qe2 Bg6 12. a3 Nxc3 13. Bxc3 Bf6 14. Ne5 Nxe5 15. Bxe5 Bxe5 16. Qxe5 Qb8 17. Qxb8 Raxb8 18. f4 b5 19. Bb3 c5 20. g4 c4 21. dxc4 bxc4 22. Bxc4 Rec8 23. b3 Bxc2 24. Rac1 Bg6 25. Re5 Kf8 26. f5 exf5 27. gxf5 Bh5 28. Rce1 Rc7 29. f6 g6 30. Re7 Rcb7 31. a4 a6 32. Rxb7 Rxb7 33. Bxa6 Rb6 34. Bc4 Rxf6 35. a5 Rd6 36. Re3 Rd2 37. a6 Ra2 38. b4 Ra4 39. Rb3 Bd1 40. Rb2 Bf3 41. Kf2 Ba8 42. Ke3 Ke7 43. Kd4 Kd6 44. Rf2 Rxb4 45. Rf6+ Kc7 46. Kc5 Rb1 47. Rxf7+ Kb8 48. a7+ Kc8 49. Ba6+ Kd8 50. Rf8+ Kc7 51. Rc8+ Kd7 52. Rxa8 1-0

[Event "St Petersburg Korchnoi Memorial op"]
[Site "St Petersburg"]
[Date "2024.08.17"]
[Round "2"]
[White "Klachkou, Platon"]
[Black "Golubov, Saveliy"]
[Result "0-1"]
[WhiteElo "1990"]
[BlackElo "2484"]
[PlyCount "88"]
[EventDate "2024.08.17"]
[EventType "swiss"]
[EventRounds "9"]
[EventCountry "RUS"]
[SourceTitle "CBM 221 Extra"]
[Source "ChessBase"]
[SourceDate "2024.09.30"]
[SourceVersion "1"]
[SourceVersionDate "2024.09.30"]
[SourceQuality "1"]

1. Nf3 Nf6 2. d4 g6 3. g3 Bg7 4. Bg2 0-0 5. 0-0 d6 6. Nc3 Nc6 7. e4 Bg4 8. h3 Bxf3 9. Bxf3 Nd7 10. Be3 e5 11. d5 Ne7 12. Qd2 f5 13. Bg2 Nb6 14. exf5 gxf5 15. b3 e4 16. Bd4 Bxd4 17. Qxd4 c6 18. dxc6 bxc6 19. f3 d5 20. fxe4 fxe4 21. Qe5 Ng6 22. Qe6+ Kh8 23. Rad1 Qg5 24. Kh2 Ne5 25. h4 Qg7 26. Ne2 Rfe8 27. Qd6 Ng4+ 28. Kh1 Ne3 29. Nd4 Nxf1 30. Bxf1 c5 31. Ne6 Rxe6 32. Qxe6 Qxg3 33. Bh3 Rf8 34. Rg1 Qf3+ 35. Bg2 Qf6 36. Qh3 Qe5 37. c4 d4 38. Qg4 Rf4 39. Qg3 Nc8 40. Qh3 Ne7 41. Qd7 Ng6 42. Bh3 Rf2 43. Qc8+ Rf8 44. Qc6 e3 0-1

[Event "St Petersburg Rapid"]
[Site "St Petersburg"]
[Date "2023.08.26"]
[Round "4"]
[White "Isanzhulov, Arystan"]
[Black "Golubov, Saveliy"]
[Result "1/2-1/2"]
[WhiteElo "2435"]
[BlackElo "2481"]
[PlyCount "100"]
[EventDate "2023.08.26"]
[EventType "swiss (rapid)"]
[EventRounds "11"]
[EventCountry "RUS"]
[SourceTitle "CBM 216 Extra"]
[Source "ChessBase"]
[SourceDate "2023.11.30"]
[SourceVersion "1"]
[SourceVersionDate "2023.11.30"]
[SourceQuality "1"]

1. e4 g6 2. d4 Bg7 3. Nf3 d6 4. Nc3 Nf6 5. Be3 0-0 6. Qd2 Ng4 7. Bf4 e5 8. Bg5 f6 9. Bh4 Nc6 10. h3 exd4 11. Nxd4 Nge5 12. f4 Nxd4 13. Qxd4 Nc6 14. Bc4+ Kh8 15. Qd2 Na5 16. Bd3 Be6 17. f5 Bg8 18. 0-0-0 Nc4 19. Bxc4 Bxc4 20. Bf2 Qd7 21. g4 b5 22. h4 b4 23. Nd5 Qa4 24. b3 Qxa2 25. Bd4 c5 26. Bb2 Bxd5 27. Qxd5 c4 28. Qxc4 Rac8 29. Qd4 Qxb3 30. Rh2 Rc4 31. Qd5 Rfc8 32. Rdd2 Qe3 33. Kb1 b3 34. cxb3 Qxb3 35. Rc2 gxf5 36. gxf5 Qb4 37. Rhg2 Qa4 38. Qf7 Qxc2+ 39. Rxc2 Rxc2 40. Bxf6 Bxf6 41. Qxf6+ Kg8 42. Qe6+ Kh8 43. h5 R2c6 44. Qf6+ Kg8 45. Qe6+ Kf8 46. Qf6+ Kg8 47. Ka2 Rb8 48. Qe6+ Kf8 49. Qf6+ Kg8 50. Qe6+ Kf8 1/2-1/2

[Event "St Petersburg Korchnoi Memorial op"]
[Site "St Petersburg"]
[Date "2023.08.24"]
[Round "9"]
[White "Zubritskiy, Artyom"]
[Black "Golubov, Saveliy"]
[Result "1/2-1/2"]
[WhiteElo "2459"]
[BlackElo "2481"]
[PlyCount "185"]
[EventDate "2023.08.18"]
[EventType "swiss"]
[EventRounds "9"]
[EventCountry "RUS"]
[SourceTitle "CBM 216 Extra"]
[Source "ChessBase"]
[SourceDate "2023.11.30"]
[SourceVersion "1"]
[SourceVersionDate "2023.11.30"]
[SourceQuality "1"]

1. c4 Nf6 2. g3 e6 3. Bg2 d5 4. d4 dxc4 5. Nf3 Nbd7 6. Qa4 a6 7. Qxc4 b5 8. Qd3 Bb7 9. 0-0 c5 10. Nc3 c4 11. Qc2 b4 12. Na4 Rc8 13. Bg5 h6 14. Bxf6 Nxf6 15. Rac1 Be4 16. Qd1 Be7 17. Ne5 Bxg2 18. Kxg2 Qd5+ 19. Kg1 Qb5 20. Nc5 Bxc5 21. Rxc4 Nd7 22. Nxd7 Qxc4 23. Nxc5 Qxa2 24. Qa1 Qd5 25. Qa4+ Qc6 26. Qxb4 0-0 27. Ra1 e5 28. Rxa6 Qd5 29. Nd3 exd4 30. Rd6 Qe4 31. Qxd4 Qxe2 32. Kg2 Rfe8 33. Nf4 Qe4+ 34. Qxe4 Rxe4 35. Kf3 Re1 36. Nd3 Rb1 37. h4 h5 38. Rd5 g6 39. Rd7 Rc2 40. Ke3 Rd1 41. Rb7 Kg7 42. Rb6 Rc7 43. Ke2 Ra1 44. Kf3 Re7 45. Nf4 Rd1 46. Rb5 Rd2 47. Rb6 Re1 48. Rb3 Kh6 49. Nd3 Re6 50. Nf4 Rc6 51. Ke3 Rd7 52. Rb5 Rcc7 53. Nd5 Rb7 54. Rxb7 Rxb7 55. b4 g5 56. Kd4 gxh4 57. gxh4 Kg6 58. Ke5 Rb8 59. Nf4+ Kg7 60. Nxh5+ Kh6 61. Nf4 Rxb4 62. Kf5 Rb2 63. f3 Rb5+ 64. Kg4 Kg7 65. Nh5+ Kg6 66. Nf4+ Kf6 67. Nh5+ Ke6 68. f4 Rb8 69. Ng7+ Kf6 70. Nh5+ Kg6 71. Ng3 Rb3 72. h5+ Kg7 73. Nf5+ Kf6 74. Ng3 Rb4 75. Kf3 Ke6 76. Kg4 Rb8 77. Kf3 Rg8 78. Ne4 Kf5 79. Ng3+ Kf6 80. Ne4+ Kg7 81. Ng3 Kh6 82. Kf2 Kg7 83. Kf3 Kf6 84. Ne4+ Ke6 85. Ng5+ Ke7 86. Ne4 f5 87. Ng3 Kf6 88. Kf2 Ra8 89. Kf3 Ra2 90. Ke3 Ke6 91. Kf3 Rh2 92. Ke3 Kd5 93. Kf3 1/2-1/2

[Event "Olginka Orbit op"]
[Site "Olginka"]
[Date "2022.08.24"]
[Round "9"]
[White "Gochelashvili, David"]
[Black "Golubov, Saveliy"]
[Result "0-1"]
[WhiteElo "2346"]
[BlackElo "2473"]
[PlyCount "74"]
[EventDate "2022.08.16"]
[EventType "swiss"]
[EventRounds "9"]
[EventCountry "RUS"]
[SourceTitle "CBM 209 Extra"]
[Source "ChessBase"]
[SourceDate "2022.09.30"]
[SourceVersion "1"]
[SourceVersionDate "2022.09.30"]
[SourceQuality "1"]

1. e4 d6 2. d4 Nf6 3. Bd3 g6 4. Nf3 Bg7 5. 0-0 0-0 6. c3 Nc6 7. h3 e5 8. Re1 Nh5 9. Bf1 Qe8 10. a4 f5 11. d5 Ne7 12. a5 a6 13. c4 Nf6 14. Nc3 h6 15. c5 g5 16. cxd6 cxd6 17. Nd2 Qg6 18. Nc4 g4 19. Nxd6 gxh3 20. Nxc8 Raxc8 21. d6 Ng4 22. dxe7 h2+ 23. Kh1 Nxf2+ 24. Kxh2 Nxd1 25. exf8Q+ Rxf8 26. Nxd1 f4 27. Ra3 Rd8 28. Bc4+ Kh8 29. Bd5 Bf8 30. Rh3 Bb4 31. Rh1 Bxa5 32. Bxb7 Rg8 33. g3 Qg4 34. Rg1 Bb6 35. Re1 Qf3 36. Rxh6+ Kg7 37. Rh3 Rh8 0-1

[Event "Olginka Orbit op"]
[Site "Olginka"]
[Date "2022.08.19"]
[Round "4"]
[White "Zakaryan, David"]
[Black "Golubov, Saveliy"]
[Result "1/2-1/2"]
[WhiteElo "2316"]
[BlackElo "2473"]
[PlyCount "64"]
[EventDate "2022.08.16"]
[EventType "swiss"]
[EventRounds "9"]
[EventCountry "RUS"]
[SourceTitle "CBM 209 Extra"]
[Source "ChessBase"]
[SourceDate "2022.09.30"]
[SourceVersion "1"]
[SourceVersionDate "2022.09.30"]
[SourceQuality "1"]

1. d4 Nf6 2. c4 g6 3. Nc3 Bg7 4. e4 d6 5. h3 0-0 6. Be3 e5 7. d5 a5 8. g4 Na6 9. Nge2 Ne8 10. Ng3 Bf6 11. Qd2 Bh4 12. Bd3 Nc5 13. Bc2 c6 14. 0-0-0 cxd5 15. exd5 a4 16. Nge4 a3 17. b4 Nxe4 18. Nxe4 f5 19. gxf5 Bxf5 20. c5 Qd7 21. Qc3 Bxe4 22. Bxe4 dxc5 23. bxc5 Nd6 24. Bc2 Nb5 25. Qc4 Nd4 26. d6+ Kh8 27. Bxd4 exd4 28. Rxd4 Bf6 29. Re4 Rac8 30. Rhe1 Qxh3 31. Rd1 b5 32. Qb4 Qd7 1/2-1/2

[Event "Voronezh Petrovsky op"]
[Site "Voronezh"]
[Date "2022.06.17"]
[Round "9"]
[White "Golubov, Saveliy"]
[Black "Maneluk, Daniil"]
[Result "1-0"]
[WhiteElo "2470"]
[BlackElo "2297"]
[PlyCount "91"]
[EventDate "2022.06.10"]
[EventType "swiss"]
[EventRounds "9"]
[EventCountry "RUS"]
[SourceTitle "EXT 2023"]
[Source "ChessBase"]
[SourceDate "2022.10.05"]
[SourceVersion "1"]
[SourceVersionDate "2022.10.05"]
[SourceQuality "1"]

1. e4 c6 2. Nc3 d5 3. Nf3 dxe4 4. Nxe4 Nf6 5. Ng3 g6 6. d4 Bg7 7. Bc4 0-0 8. 0-0 Bg4 9. c3 Nbd7 10. h3 Bxf3 11. Qxf3 e5 12. Be3 Re8 13. Bb3 e4 14. Qe2 Nd5 15. f3 exf3 16. Rxf3 f5 17. Qd3 Kh8 18. Bf2 N7f6 19. c4 Nb4 20. Qc3 c5 21. dxc5 Nc6 22. Rd1 Qc7 23. Qc1 Ne5 24. Rc3 Rad8 25. Rxd8 Rxd8 26. Bc2 Nfd7 27. b4 Nc6 28. Rb3 Nd4 29. Bxd4 Bxd4+ 30. Kh1 b6 31. cxb6 axb6 32. Ne2 Bf6 33. Nf4 Re8 34. Qf1 Bd4 35. Nd5 Qe5 36. Rd3 b5 37. Rd1 Qg3 38. cxb5 Ne5 39. Qf4 Qxf4 40. Nxf4 Ba7 41. Nd5 Nc4 42. Bb3 Nb2 43. Rd2 f4 44. b6 Bb8 45. Nc7 Re1+ 46. Kh2 1-0

[Event "Voronezh Petrovsky op"]
[Site "Voronezh"]
[Date "2022.06.14"]
[Round "6"]
[White "Zakhartsov, Vladimir"]
[Black "Golubov, Saveliy"]
[Result "1-0"]
[WhiteElo "2483"]
[BlackElo "2470"]
[PlyCount "61"]
[EventDate "2022.06.10"]
[EventType "swiss"]
[EventRounds "9"]
[EventCountry "RUS"]
[SourceTitle "EXT 2023"]
[Source "ChessBase"]
[SourceDate "2022.10.05"]
[SourceVersion "1"]
[SourceVersionDate "2022.10.05"]
[SourceQuality "1"]

1. d4 Nf6 2. c4 e5 3. dxe5 Ng4 4. e4 Nxe5 5. f4 Ng6 6. Nf3 Nc6 7. a3 a5 8. Be3 b6 9. Nc3 Bc5 10. Qd2 0-0 11. Bd3 Nh4 12. Nxh4 Qxh4+ 13. g3 Qd8 14. 0-0-0 d6 15. h3 a4 16. Kb1 f6 17. e5 fxe5 18. Bxc5 dxc5 19. Qg2 Qe8 20. Nb5 Rb8 21. Nxc7 Qf7 22. Qxc6 Bb7 23. Qe6 Bxh1 24. Rxh1 exf4 25. gxf4 Qxe6 26. Nxe6 Rf6 27. f5 g6 28. Nf4 gxf5 29. Nd5 Re6 30. Bxf5 Re2 31. Nc3 1-0

[Event "Moscow Aeroflot op-B"]
[Site "Moscow"]
[Date "2020.02.25"]
[Round "7"]
[White "Suleymenov, Alisher"]
[Black "Golubov, Saveliy"]
[Result "1/2-1/2"]
[WhiteElo "2382"]
[BlackElo "2469"]
[PlyCount "97"]
[EventDate "2020.02.19"]
[EventType "swiss"]
[EventRounds "9"]
[EventCountry "RUS"]
[SourceTitle "CBM 195 Extra"]
[Source "ChessBase"]
[SourceDate "2020.05.31"]
[SourceVersion "1"]
[SourceVersionDate "2020.05.31"]
[SourceQuality "1"]

1. d4 Nf6 2. c4 g6 3. Nc3 Bg7 4. e4 0-0 5. h3 d6 6. Be3 c5 7. Nf3 cxd4 8. Nxd4 Nc6 9. Be2 Nxd4 10. Bxd4 Bd7 11. 0-0 Bc6 12. Qc2 a5 13. Rad1 Nd7 14. Bxg7 Kxg7 15. Bg4 Nc5 16. e5 f5 17. Be2 Ne6 18. Rfe1 Qb6 19. Bf1 Rae8 20. exd6 exd6 21. Qd2 Nd8 22. Nb5 Bxb5 23. Qc3+ Kh6 24. cxb5 Nf7 25. Rxe8 Rxe8 26. Rd4 Re5 27. Rh4+ Kg7 28. Rc4 Kf8 29. Rc8+ Re8 30. b3 d5 31. Qc5+ Qxc5 32. Rxc5 d4 33. b6 Rd8 34. Bd3 Ke7 35. Rc7+ Rd7 36. Bb5 Rxc7 37. bxc7 Nd6 38. Kf1 Nc8 39. Ke2 Kd6 40. Kd3 Kxc7 41. Kxd4 Kd6 42. f4 Nb6 43. g3 Nd5 44. Be2 b6 45. a3 Nf6 46. Bf3 Nh5 47. Bxh5 gxh5 48. Kc4 Kc6 49. Kd4 1/2-1/2

[Event "Moscow Aeroflot op-B"]
[Site "Moscow"]
[Date "2020.02.24"]
[Round "6"]
[White "Ajay Krishna, S."]
[Black "Golubov, Saveliy"]
[Result "0-1"]
[WhiteElo "2378"]
[BlackElo "2469"]
[PlyCount "78"]
[EventDate "2020.02.19"]
[EventType "swiss"]
[EventRounds "9"]
[EventCountry "RUS"]
[SourceTitle "CBM 195"]
[Source "ChessBase"]
[SourceDate "2020.04.30"]
[SourceVersion "1"]
[SourceVersionDate "2020.04.30"]
[SourceQuality "1"]

1. d4 Nf6 2. Bf4 d5 3. Nc3 c5 4. e3 a6 5. a3 e6 6. Nf3 Nc6 7. h3 b5 8. dxc5 Bxc5 9. Bd3 Bd6 10. Bg5 h6 11. Bxf6 gxf6 12. e4 dxe4 13. Nxe4 Be7 14. a4 bxa4 15. Rxa4 f5 16. Ng3 Qb6 17. Qe2 Rg8 18. c3 Bb7 19. Ra2 a5 20. Nd2 0-0-0 21. Nc4 Qc5 22. Ne3 Nb4 23. cxb4 Qc1+ 24. Nd1 Bxb4+ 25. Kf1 Rxd3 26. Qxd3 Rd8 27. Ra1 Qxa1 28. Qc2+ Kb8 29. Ke2 Rd2+ 30. Qxd2 Bxd2 31. Kxd2 Bxg2 32. Re1 Qa4 33. Ne2 Bf3 34. Ndc3 Qd7+ 35. Kc2 Qa7 36. Rf1 Bg2 37. Ra1 Qxf2 38. Rxa5 Bxh3 39. Kb3 Bf1 0-1

[Event "Moscow Aeroflot op-B"]
[Site "Moscow"]
[Date "2020.02.23"]
[Round "5"]
[White "Golubov, Saveliy"]
[Black "Zhukova, Natalia"]
[Result "1-0"]
[WhiteElo "2469"]
[BlackElo "2338"]
[PlyCount "127"]
[EventDate "2020.02.19"]
[EventType "swiss"]
[EventRounds "9"]
[EventCountry "RUS"]
[SourceTitle "CBM 195"]
[Source "ChessBase"]
[SourceDate "2020.04.30"]
[SourceVersion "1"]
[SourceVersionDate "2020.04.30"]
[SourceQuality "1"]

1. d4 d5 2. Bf4 Nf6 3. e3 e6 4. Nd2 Bd6 5. Bg3 0-0 6. Ngf3 c5 7. c3 Qc7 8. dxc5 Qxc5 9. Bd3 Nbd7 10. Qe2 h6 11. 0-0-0 Bxg3 12. hxg3 b5 13. Kb1 b4 14. c4 Ba6 15. Nb3 Qb6 16. cxd5 Bxd3+ 17. Rxd3 exd5 18. g4 Nxg4 19. Rxd5 Qg6+ 20. Ka1 Ndf6 21. Nh4 Qh7 22. Rd4 Ne5 23. f4 Neg4 24. Re1 a5 25. e4 a4 26. Nc5 Rfc8 27. Rc4 a3 28. b3 g5 29. Nf5 Re8 30. Nd6 gxf4 31. Nxe8 Rxe8 32. Qd2 Ne3 33. Rxb4 Qg7 34. Kb1 Rc8 35. Rc1 Qg6 36. Rd4 Rxc5 37. Rxc5 Nxe4 38. Rxe4 Qxe4+ 39. Kc1 f3 40. gxf3 Qxf3 41. Qd4 Qf2 42. Rc8+ Kh7 43. Rh8+ Kg6 44. Qe4+ Kf6 45. Qc6+ Kf5 46. Qd7+ Kf6 47. Qd4+ Kg6 48. Qd6+ Kf5 49. Qc5+ Kg6 50. Qc3 Qf1+ 51. Kd2 Qf2+ 52. Kd3 Qf3 53. Rg8+ Kh5 54. Qe5+ Nf5+ 55. Kc4 f6 56. Qh2+ Nh4 57. Qb8 Nf5 58. Kb4 Qd5 59. Qe8+ Kh4 60. Qe1+ Kh3 61. Qf1+ Kh4 62. Qf4+ Kh3 63. Qg4+ Kh2 64. Qh5+ 1-0

[Event "Moscow op-A 16th"]
[Site "Moscow"]
[Date "2020.02.02"]
[Round "9"]
[White "Smirnov, Timofey"]
[Black "Golubov, Saveliy"]
[Result "1-0"]
[WhiteElo "2360"]
[BlackElo "2469"]
[PlyCount "71"]
[EventDate "2020.01.25"]
[EventType "swiss"]
[EventRounds "9"]
[EventCountry "RUS"]
[SourceTitle "CBM 194 Extra"]
[Source "ChessBase"]
[SourceDate "2020.03.31"]
[SourceVersion "1"]
[SourceVersionDate "2020.03.31"]
[SourceQuality "1"]

1. e4 d6 2. d4 Nf6 3. Nc3 Nbd7 4. Nf3 e5 5. Bc4 Be7 6. 0-0 0-0 7. Re1 a6 8. a4 h6 9. h3 Re8 10. Be3 Bf8 11. a5 c6 12. Ba2 Qc7 13. Nd2 b5 14. axb6 Nxb6 15. Qf3 exd4 16. Bxd4 Nbd7 17. Nc4 Ne5 18. Nxe5 dxe5 19. Be3 Rb8 20. Reb1 Kh7 21. Bc4 a5 22. Ra2 Rb4 23. b3 Rxc4 24. bxc4 Bb4 25. Na4 Be6 26. Qe2 Qc8 27. c3 Bf8 28. Nb6 Qa6 29. Rba1 Qb7 30. Rxa5 c5 31. Nd5 Nxe4 32. Ra7 Qb8 33. Qc2 Bf5 34. Rxf7 Bg6 35. Rfa7 Qd8 36. Qa4 1-0

[Event "Moscow op-A 16th"]
[Site "Moscow"]
[Date "2020.01.31"]
[Round "7"]
[White "Sychev, Klementy"]
[Black "Golubov, Saveliy"]
[Result "1-0"]
[WhiteElo "2563"]
[BlackElo "2469"]
[PlyCount "67"]
[EventDate "2020.01.25"]
[EventType "swiss"]
[EventRounds "9"]
[EventCountry "RUS"]
[SourceTitle "CBM 194 Extra"]
[Source "ChessBase"]
[SourceDate "2020.03.31"]
[SourceVersion "1"]
[SourceVersionDate "2020.03.31"]
[SourceQuality "1"]

1. d4 Nf6 2. c4 g6 3. Nc3 Bg7 4. e4 d6 5. Nf3 0-0 6. Be2 Bg4 7. Be3 Nc6 8. d5 Bxf3 9. Bxf3 Na5 10. Be2 c5 11. Rc1 Nd7 12. 0-0 Nb6 13. b3 e6 14. Qd2 exd5 15. exd5 Nd7 16. Rfe1 Re8 17. Bf1 a6 18. Bf4 Be5 19. Ne4 Qc7 20. g3 f5 21. Ng5 Bxf4 22. Qxf4 Ne5 23. Ne6 Rxe6 24. dxe6 Nac6 25. Rcd1 Re8 26. Bg2 Nd4 27. Bd5 Qg7 28. h4 h6 29. Kg2 g5 30. hxg5 hxg5 31. Qd2 f4 32. e7+ Kh7 33. Rh1+ Kg6 34. gxf4 1-0

[Event "Moscow op-A 16th"]
[Site "Moscow"]
[Date "2020.01.29"]
[Round "5"]
[White "Golubov, Saveliy"]
[Black "Saveliev, Alexei"]
[Result "1-0"]
[WhiteElo "2469"]
[BlackElo "2361"]
[PlyCount "71"]
[EventDate "2020.01.25"]
[EventType "swiss"]
[EventRounds "9"]
[EventCountry "RUS"]
[SourceTitle "CBM 194 Extra"]
[Source "ChessBase"]
[SourceDate "2020.03.31"]
[SourceVersion "1"]
[SourceVersionDate "2020.03.31"]
[SourceQuality "1"]

1. d4 Nf6 2. Bf4 d5 3. e3 c5 4. c3 Nc6 5. Nd2 cxd4 6. exd4 Bf5 7. Qb3 Qc8 8. Ngf3 e6 9. Nh4 Bg4 10. h3 Bh5 11. g4 Bg6 12. Nxg6 hxg6 13. Bg2 Qd7 14. a4 Rc8 15. a5 Be7 16. 0-0 Bd6 17. Bxd6 Qxd6 18. f4 Qc7 19. a6 b6 20. Qb5 0-0 21. b4 Ne8 22. Qe2 Nd6 23. Rf3 Ne7 24. Re3 Nc4 25. Nxc4 Qxc4 26. Qf2 Rc7 27. Bf1 Qc6 28. h4 Nc8 29. h5 gxh5 30. Qh4 hxg4 31. Qxg4 Nd6 32. Ra2 f5 33. Qh4 Ne4 34. Rg2 Qe8 35. Rh3 Nf6 36. Qh8+ 1-0

[Event "Moscow op-A 16th"]
[Site "Moscow"]
[Date "2020.01.28"]
[Round "4"]
[White "Tsydypov, Zhamsaran"]
[Black "Golubov, Saveliy"]
[Result "1-0"]
[WhiteElo "2553"]
[BlackElo "2469"]
[PlyCount "65"]
[EventDate "2020.01.25"]
[EventType "swiss"]
[EventRounds "9"]
[EventCountry "RUS"]
[SourceTitle "CBM 194 Extra"]
[Source "ChessBase"]
[SourceDate "2020.03.31"]
[SourceVersion "1"]
[SourceVersionDate "2020.03.31"]
[SourceQuality "1"]

1. d4 d5 2. Nf3 Nf6 3. c4 e6 4. Nc3 Be7 5. g3 dxc4 6. Bg2 0-0 7. Ne5 c5 8. dxc5 Qc7 9. Nxc4 Qxc5 10. Qb3 Nc6 11. Be3 Nd4 12. Bxd4 Qxd4 13. 0-0 Rb8 14. Rac1 Bd7 15. Rfd1 Qc5 16. Ne4 Nxe4 17. Bxe4 Bc6 18. Bxc6 bxc6 19. Qf3 Rbd8 20. Qe4 Bf6 21. b3 h6 22. Kg2 Qb5 23. Rd6 Qa6 24. a4 Rc8 25. Nd2 Qa5 26. Rcxc6 Rxc6 27. Qxc6 Qb4 28. Rd7 Bg5 29. e3 a5 30. Qb7 Qg4 31. Nc4 Qf5 32. Qf3 Qc5 33. Rb7 1-0

[Event "Moscow op-A 16th"]
[Site "Moscow"]
[Date "2020.01.27"]
[Round "3"]
[White "Bulavin, Alexander"]
[Black "Golubov, Saveliy"]
[Result "0-1"]
[WhiteElo "2310"]
[BlackElo "2469"]
[PlyCount "80"]
[EventDate "2020.01.25"]
[EventType "swiss"]
[EventRounds "9"]
[EventCountry "RUS"]
[SourceTitle "CBM 194 Extra"]
[Source "ChessBase"]
[SourceDate "2020.03.31"]
[SourceVersion "1"]
[SourceVersionDate "2020.03.31"]
[SourceQuality "1"]

1. Nf3 g6 2. d4 Bg7 3. c3 Nf6 4. Bg5 0-0 5. Bxf6 Bxf6 6. Nbd2 d6 7. g3 e5 8. Bg2 Nc6 9. e3 Bg7 10. Qb3 Qe7 11. 0-0 Kh8 12. Qa3 e4 13. Ne1 f5 14. Nc2 Bd7 15. Rfe1 Qf6 16. Rac1 g5 17. Qb3 Rab8 18. Nb4 Ne7 19. Nd5 Nxd5 20. Qxd5 c6 21. Qa5 d5 22. f4 exf3 23. Nxf3 f4 24. exf4 gxf4 25. Qc7 Bf5 26. gxf4 Be4 27. Ng5 Bxg2 28. Kxg2 Qf5 29. Re3 Rbc8 30. Qe7 Rf6 31. Rg3 Rg8 32. Rf1 h6 33. Nh3 Re6 34. Qxb7 Re2+ 35. Nf2 Qxf4 36. Qxc6 Rf8 37. Qxd5 Rxf2+ 38. Rxf2 Qxf2+ 39. Kh3 Rf5 40. Qa8+ Bf8 0-1

[Event "Moscow op-A 16th"]
[Site "Moscow"]
[Date "2020.01.25"]
[Round "1"]
[White "Shimelkov, Vasiliy"]
[Black "Golubov, Saveliy"]
[Result "0-1"]
[WhiteElo "2182"]
[BlackElo "2469"]
[PlyCount "61"]
[EventDate "2020.01.25"]
[EventType "swiss"]
[EventRounds "9"]
[EventCountry "RUS"]
[SourceTitle "CBM 194 Extra"]
[Source "ChessBase"]
[SourceDate "2020.03.31"]
[SourceVersion "1"]
[SourceVersionDate "2020.03.31"]
[SourceQuality "1"]

1. d4 g6 2. Nf3 Bg7 3. c4 Nf6 4. Nc3 0-0 5. e4 d6 6. Be2 c5 7. 0-0 cxd4 8. Nxd4 Nc6 9. Be3 Bd7 10. Nxc6 Bxc6 11. f3 a5 12. Qd2 Nd7 13. Rac1 a4 14. Nd5 Nc5 15. Bd4 Bxd4+ 16. Qxd4 e5 17. Qe3 Bxd5 18. cxd5 Qb6 19. Rc2 f5 20. exf5 Rxf5 21. Bd3 Rf4 22. g3 Rb4 23. Rff2 Nxd3 24. Qxd3 Rd4 25. Qc3 Rf8 26. Kg2 Rxd5 27. Qc4 Qd4 28. Qc7 e4 29. Qc3 exf3+ 30. Rxf3 Qe4 31. Kf2 0-1

[Event "Wch Blitz"]
[Site "Moscow"]
[Date "2019.12.30"]
[Round "21"]
[White "Golubov, Saveliy"]
[Black "Sargissian, Gabriel"]
[Result "1-0"]
[WhiteElo "2469"]
[BlackElo "2689"]
[PlyCount "85"]
[EventDate "2019.12.29"]
[EventType "swiss (blitz)"]
[EventRounds "21"]
[EventCountry "RUS"]
[SourceTitle "CBM 193 Extra"]
[Source "ChessBase"]
[SourceDate "2020.01.31"]
[SourceVersion "1"]
[SourceVersionDate "2020.01.31"]
[SourceQuality "1"]

1. d4 Nf6 2. Nf3 e6 3. Bf4 d5 4. e3 Bd6 5. Bg3 0-0 6. Nbd2 b6 7. c3 c5 8. Bd3 Ba6 9. Bxa6 Nxa6 10. Qe2 Nb8 11. Bh4 Nbd7 12. e4 dxe4 13. Nxe4 Be7 14. Nxf6+ Nxf6 15. dxc5 bxc5 16. Rd1 Qc7 17. 0-0 Rfd8 18. Bg3 Qb7 19. Ne5 h6 20. h3 Rac8 21. Bh4 Rd5 22. c4 Rdd8 23. b3 g5 24. Bg3 Qe4 25. Qb2 Nh5 26. f3 Qh7 27. Bh2 Bf6 28. Qf2 Nf4 29. Bxf4 gxf4 30. Nd7 Qg7 31. Nxf6+ Qxf6 32. Rxd8+ Qxd8 33. Re1 Qd3 34. Re4 Qc3 35. Qh4 Qd2 36. Rxf4 Rd8 37. Qxh6 Qe1+ 38. Kh2 Qe5 39. Qh4 Rd4 40. Qg3+ Qg7 41. Qxg7+ Kxg7 42. Rxd4 cxd4 43. Kg1 1-0